01632 2200433 4500001002100000005001500021035002000036007000300056008004100059020002200100100003100122245027300153250003400426300002800460264003900488336002100527337003000548338002300578040002200601082001900623084002100642090002200663500007100685650003000756850001200786999002200798700003300820700003100853700003200884700002900916700002800945700003700973700003801010700003501048700003501083700002601118710003201144990002201176INLIS00000000087872920230524101735 a0010-0523000606ta230523s2020 yoia g j ind d a978-602-5552-68-70 aDhaifina AmaliaePengarang10aMalelo :btentang senja, kamu & kita /cDhaifina Amalia, Anak-anak Malelo, Difa Jumar Asyura, Fairus Roesalba, Jaida Tussakinah, Karina Afifah, Luly Kartika, Muhammad Andre Naufal, Muhammad Ariq Athallah, Muhammad Dzikrillah, Nailla Rafiza Fatin; penyunting, Alimuddin aCetakan pertama, Januari 2020 ax, 176 halaman ;c21 cm31aBantul :bAzyan Mitra Media,c2020 2rdacontentateks 2rdamediaatanpa perantara 2rdacarrieravolume aYOPDYOGbinderda04223a899.221301 a899.221301 DHI m aCB-D.11 2020-3888 aDiterbitkan atas kerjasama dengan Sekolah Sukma Bangsa Lhokseumawe 4aCerita pendek--xKumpulan aYOPDYOG aCB-D.11/2020-38880 aDifa Jumar AsyuraePengarang0 aFairus RoesalbaePengarang0 aJaida TussakinahePengarang0 aKarina AfifahePengarang0 aLuly KartikaePengarang0 aMuhammad Andre NaufalePengarang0 aMuhammad Ariq AthallahePengarang0 aMuhammad DzikrillahePengarang0 aNailla Rafiza FatinePengarang0 aAlimuddinePenyunting2 aAnak-anak MaleloePengarang aCB-D.11/2020-3888